Wird geladen...

Sports law

Bibliographische Detailangaben
1. Verfasser: Epstein, Adam
Format: Printed Book
Sprache:English
Veröffentlicht: New York Thomson Delmar Learning - West Legal Studies 2003
Schriftenreihe:the West Legal Studies series
Schlagworte:
LEADER 00600nam a22001817a 4500
003 OSt
008 100326t xxu||||| |||| 00| 0 eng d
020 |a 0766823245 
080 |a 349:796  |b EPS'03 
100 |a Epstein, Adam  |9 13740 
245 |a Sports law 
260 |a New York  |b Thomson Delmar Learning - West Legal Studies  |c 2003 
300 |a xxii, 310p. 
440 |a the West Legal Studies series  |9 13741 
653 |a Sports law 
942 |c BK  |6 _ 
999 |c 193594  |d 193594 
952 |0 0  |1 0  |4 0  |6 349796_EPS03  |7 0  |9 249205  |a SLS  |b SLS  |d 2010-03-26  |l 1  |o 349:796 EPS'03  |p SLS024502  |r 2018-02-01  |s 2017-09-22  |t 1  |w 2010-03-26  |y BK